00373 2200157 4500001002100000005001500021035002000036245003400056100001200090250001200102300002400114260003700138082000800175084001400183020001800197INLIS00000000000116420260430120729 a0010-04260000221 anana tidak berbeda /cmutiara0 amutiara apertama a24 hlm :bilustrasi ajakarta :bKEMENdikdasmen,c2023 a813 a813 MUT n a9786231188885